LIBRARY & INFORMATION CENTRE, KCAET, TAVANUR

ONLINE PUBLIC ACCESS CATALOGUE (OPAC)

Water supply and sewerage / (Record no. 10113)

MARC details
000 -LEADER
fixed length control field 00507cam a2200193ua 4500
020 ## - INTERNATIONAL STANDARD BOOK NUMBER
ISBN 07-085772-5
041 ## - LANGUAGE CODE
Language code of text/sound track or separate title eng
082 ## - DEWEY DECIMAL CLASSIFICATION NUMBER
Classification number 628.3
Item number STE/WA
100 ## - MAIN ENTRY--AUTHOR NAME
Personal name Steel, F W .
245 ## - TITLE STATEMENT
Title Water supply and sewerage /
250 ## - EDITION STATEMENT
Edition statement 1 /
260 ## - PUBLICATION, DISTRIBUTION, ETC. (IMPRINT)
Place of publication Singapore :
Name of publisher McGraw-Hill International Book Company ,
Year of publication 1979.
300 ## - PHYSICAL DESCRIPTION
Number of Pages 665 ; .
700 1# - ADDED ENTRY--PERSONAL NAME
Personal name Mcghee, Terence J .
942 ## - ADDED ENTRY ELEMENTS (KOHA)
Koha item type Books
Holdings
Withdrawn status Lost status Damaged status Home library Current library Date acquired Full call number Accession Number Koha item type
      KAUAET KAUAET 20/08/1986 628.3 15415 Books
free website counter